|
|
|
|
| LEADER |
02198nam a22005055i 4500 |
| 001 |
978-3-319-13509-0 |
| 003 |
DE-He213 |
| 005 |
20151111051155.0 |
| 007 |
cr nn 008mamaa |
| 008 |
150807s2015 gw | s |||| 0|eng d |
| 020 |
|
|
|a 9783319135090
|9 978-3-319-13509-0
|
| 024 |
7 |
|
|a 10.1007/978-3-319-13509-0
|2 doi
|
| 040 |
|
|
|d GrThAP
|
| 050 |
|
4 |
|a QA76.575
|
| 072 |
|
7 |
|a UG
|2 bicssc
|
| 072 |
|
7 |
|a COM034000
|2 bisacsh
|
| 082 |
0 |
4 |
|a 006.7
|2 23
|
| 100 |
1 |
|
|a Abel, Andrew.
|e author.
|
| 245 |
1 |
0 |
|a Cognitively Inspired Audiovisual Speech Filtering
|h [electronic resource] :
|b Towards an Intelligent, Fuzzy Based, Multimodal, Two-Stage Speech Enhancement System /
|c by Andrew Abel, Amir Hussain.
|
| 250 |
|
|
|a 1st ed. 2015.
|
| 264 |
|
1 |
|a Cham :
|b Springer International Publishing :
|b Imprint: Springer,
|c 2015.
|
| 300 |
|
|
|a XVIII, 121 p. 41 illus., 37 illus. in color.
|b online resource.
|
| 336 |
|
|
|a text
|b txt
|2 rdacontent
|
| 337 |
|
|
|a computer
|b c
|2 rdamedia
|
| 338 |
|
|
|a online resource
|b cr
|2 rdacarrier
|
| 347 |
|
|
|a text file
|b PDF
|2 rda
|
| 490 |
1 |
|
|a SpringerBriefs in Cognitive Computation,
|x 2212-6023 ;
|v 5
|
| 505 |
0 |
|
|a Introduction -- Audio and visual speech relationship -- The research context -- 4 A two stage multimodal speech enhancement system -- Experiments, results, and analysis -- Towards fuzzy logic based multimodal speech filtering -- Evaluation of fuzzy logic proof of concept -- Conclusions and future work. .
|
| 520 |
|
|
|a .
|
| 650 |
|
0 |
|a Computer science.
|
| 650 |
|
0 |
|a Multimedia information systems.
|
| 650 |
|
0 |
|a Computational linguistics.
|
| 650 |
|
0 |
|a Image processing.
|
| 650 |
1 |
4 |
|a Computer Science.
|
| 650 |
2 |
4 |
|a Multimedia Information Systems.
|
| 650 |
2 |
4 |
|a Image Processing and Computer Vision.
|
| 650 |
2 |
4 |
|a Language Translation and Linguistics.
|
| 700 |
1 |
|
|a Hussain, Amir.
|e author.
|
| 710 |
2 |
|
|a SpringerLink (Online service)
|
| 773 |
0 |
|
|t Springer eBooks
|
| 776 |
0 |
8 |
|i Printed edition:
|z 9783319135083
|
| 830 |
|
0 |
|a SpringerBriefs in Cognitive Computation,
|x 2212-6023 ;
|v 5
|
| 856 |
4 |
0 |
|u http://dx.doi.org/10.1007/978-3-319-13509-0
|z Full Text via HEAL-Link
|
| 912 |
|
|
|a ZDB-2-SBL
|
| 950 |
|
|
|a Biomedical and Life Sciences (Springer-11642)
|